=LDR 00000nam 2200000 4500 =001 INLIS000000000029557 =005 20190121123514 =035 ##$$a 0010-061300000029557 =008 190121###########################0#ind## =041 ##$$a Ind =082 ##$$a 371.2 =090 ##$$a 371.2, Sar m =100 ##$$a Saroni, Muhammad =245 1#$$a Manajemen sekolah, kiat menjadi pendidik yang kompeten, /$c oleh Muhammad Saroni, editot, Abdul Aziz Safa =260 ##$$a Yogyakarta :$b Ar Ruzz,$c 2006 =300 ##$$a 260 hlm, ; $c 19 cm =650 ##$$a Manajemen Organisasi Sekolah =850 ##$$a NBPNMAT =020 ##$$a 979-25-4375-9 =084 ##$$a 371.2 SAR m =710 ##$$a Safa. Abdul Aziz =990 ##$$a 21400613/BPAP-NTB/20142014 =990 ##$$a 21400613/BPAP-NTB/20142014 =990 ##$$a 21400613/BPAP-NTB/20142014 =990 ##$$a 0001/BPAP-NTB/2016 =990 ##$$a 00800080 =990 ##$$a 20800697 =990 ##$$a 21400613/BPAP-NTB/20142014 =990 ##$$a 21400613/BPAP-NTB/20142014 =990 ##$$a 21400613/BPAP-NTB/20142014 =990 ##$$a 0001/BPAP-NTB/2016 =990 ##$$a 20800695 =990 ##$$a 21400613/BPAP-NTB/20142014 =990 ##$$a 21400613/BPAP-NTB/20142014 =990 ##$$a 0001/BPAP-NTB/2016 =990 ##$$a 20800697